000
00382nam a22001577a 4500
003
MPLRDC
005
20220104145711.0
008
210129b ||||| |||| 00| 0 eng d
082
_a
848.1 MD-20
100
_a
茅盾著
245
_a
世界文学名著讲话
_c
260
_a
_b
香港中流出版社
_c
1957
300
_b
平
650
_a
现代别集
942
_c
BK
_o
848.1 MD-20
999
_c
51468
_d
51458